UBT Library

Virtual clinical excurssions: (Record no. 1867)

000 -LEADER
fixed length control field 00362nam a22001337a 4500
008 - FIXED-LENGTH DATA ELEMENTS--GENERAL INFORMATION
fixed length control field 160506b xxu||||| |||| 00| 0 eng d
020 ## - INTERNATIONAL STANDARD BOOK NUMBER
International Standard Book Number 9780323030397
020 ## - INTERNATIONAL STANDARD BOOK NUMBER
International Standard Book Number 0323030394
020 ## - INTERNATIONAL STANDARD BOOK NUMBER
International Standard Book Number 978032303039
041 ## - LANGUAGE CODE
Language code of text/sound track or separate title eng
080 ## - UNIVERSAL DECIMAL CLASSIFICATION NUMBER
Universal Decimal Classification number 61
245 ## - TITLE STATEMENT
Title Virtual clinical excurssions:
Statement of responsibility, etc Patricia A. Potter; Patricia A.Potter; Anne Griffin Perry;3
942 ## - ADDED ENTRY ELEMENTS (KOHA)
Source of classification or shelving scheme
Item type Books
Holdings
Withdrawn status Lost status Source of classification or shelving scheme Damaged status Not for loan Collection code Permanent location Current location Shelving location Date acquired Total Checkouts Full call number Barcode Date last seen Price effective from Koha item type
          Koleksioni i përgjithshem UBT - Lipjan UBT - Lipjan Koleksioni i përgjithshem 05/06/2016   61 POTT 002-028260 05/06/2016 05/06/2016 Books
          Koleksioni i përgjithshem UBT - Lipjan UBT - Lipjan Koleksioni i përgjithshem 01/19/2017   618.2 POT 002-036409 01/19/2017 01/19/2017 Books
UBT Library © 2015-2024. All rights reserved University Education for Business and Technology